000 00387nam a2200157Ia 4500
008 100122s9999 xx 000 0 und d
082 _b29312
_a823
100 _aJOHN L ST
245 _aLOVE WITH A HARVARD ACCENT
250 _a0
260 _bACE BOOKS INC
_c1962
300 _a256
630 _aLOVE WITH A HARVARD ACCENT
730 _aLOVE WITH A HARVARD ACCENT
942 _cBOOK
999 _c369211
_d369208